[Event "CZE-chT2D 1617"]
[Site "Czech Republic"]
[Date "2016.10.09"]
[Round "1.7"]
[White "Nun, Josef"]
[Black "Umanec, Filip"]
[Result "0-1"]
[WhiteElo "2196"]
[BlackElo "2214"]
[PlyCount "80"]
[EventDate "2016.10.09"]
[EventType "team-tourn"]
[EventRounds "11"]
[EventCountry "CZE"]
[SourceTitle "EXT 2022"]
[Source "ChessBase"]
[SourceDate "2021.10.06"]
[SourceVersion "1"]
[SourceVersionDate "2021.10.06"]
[SourceQuality "1"]
[WhiteTeam "Hradec Kralove II"]
[BlackTeam "Jihlava Gambit"]
[WhiteTeamCountry "CZE"]
[BlackTeamCountry "CZE"]

1. d4 d5 2. Nf3 c6 3. Bf4 Nf6 4. e3 e6 5. Nbd2 Be7 6. Bd3 0-0 7. c3 Nbd7 8. h3 Re8 9. Qc2 Nf8 10. 0-0 Ng6 11. Bh2 Bd6 12. Ne5 Bxe5 13. dxe5 Nd7 14. f4 b6 15. Nf3 Nc5 16. Rad1 Nxd3 17. Qxd3 a5 18. Rfe1 Ba6 19. Qc2 Qc7 20. e4 dxe4 21. Qxe4 Rad8 22. Rd6 Rxd6 23. exd6 Qxd6 24. f5 Qc5+ 25. Kh1 Nf8 26. f6 gxf6 27. Bg1 Qd5 28. Qg4+ Ng6 29. Bxb6 Rb8 30. Bd4 e5 31. Be3 Rxb2 32. h4 Qe6 33. Qg3 h5 34. Bc1 Rxa2 35. Nd4 Qg4 36. Qxg4 hxg4 37. Nf5 Bd3 38. Nh6+ Kg7 39. Nxg4 Nxh4 40. Re3 Bf1 0-1

[Event "CZE-chT1W 1415"]
[Site "Czech Republic"]
[Date "2014.10.19"]
[Round "1.8"]
[White "Hradecky, Ivo"]
[Black "Nun, Josef"]
[Result "0-1"]
[WhiteElo "2102"]
[BlackElo "2213"]
[PlyCount "64"]
[EventDate "2014.10.19"]
[EventType "team-tourn"]
[EventRounds "11"]
[EventCountry "CZE"]
[SourceTitle "EXT 2015"]
[Source "ChessBase"]
[SourceDate "2014.11.20"]
[SourceVersion "1"]
[SourceVersionDate "2014.11.20"]
[SourceQuality "1"]
[WhiteTeam "Vlasim"]
[BlackTeam "Hradec Kralove"]
[WhiteTeamCountry "CZE"]
[BlackTeamCountry "CZE"]

1. d4 g6 2. e4 c6 3. c4 d5 4. Nc3 dxe4 5. Nxe4 Bg7 6. Be3 Nh6 7. Qd2 Nf5 8. Nf3 Nxe3 9. Qxe3 Bg4 10. Ne5 Bxe5 11. dxe5 Qa5+ 12. Nc3 Nd7 13. h3 Be6 14. f4 h5 15. Bd3 Qb4 16. 0-0 Bxc4 17. Kh1 Bxd3 18. Qxd3 0-0-0 19. a3 Qb3 20. Qe3 Qb6 21. Qe2 Nc5 22. b4 Nb3 23. Rad1 Nd4 24. Qc4 Nf5 25. Rxd8+ Rxd8 26. Re1 e6 27. b5 Rd4 28. Qb3 Rxf4 29. a4 Qf2 30. Rg1 h4 31. bxc6 Ng3+ 32. Kh2 Qxg1+ 0-1

[Event "CZE-chT1W 1314"]
[Site "Czech Republic"]
[Date "2014.03.16"]
[Round "9.8"]
[White "Nun, Josef"]
[Black "Hulin, Petr"]
[Result "1-0"]
[WhiteElo "2218"]
[BlackElo "2032"]
[PlyCount "51"]
[EventDate "2013.10.20"]
[EventType "team-tourn"]
[EventRounds "11"]
[EventCountry "CZE"]
[SourceTitle "EXT 2015"]
[Source "ChessBase"]
[SourceDate "2014.11.20"]
[SourceVersion "1"]
[SourceVersionDate "2014.11.20"]
[SourceQuality "1"]
[WhiteTeam "Hradec Kralove"]
[BlackTeam "Praha Oaza"]
[WhiteTeamCountry "CZE"]
[BlackTeamCountry "CZE"]

1. d4 Nf6 2. Nf3 e6 3. Bg5 c5 4. e3 h6 5. Bxf6 Qxf6 6. Nbd2 cxd4 7. exd4 b6 8. c3 Bb7 9. Bd3 Be7 10. Qe2 Bd8 11. 0-0 Bc7 12. Ne5 Qh4 13. g3 Qe7 14. f4 Nc6 15. Rae1 Nxe5 16. fxe5 0-0 17. Ne4 d6 18. Nf6+ Kh8 19. exd6 Bxd6 20. Qh5 Qc7 21. Nh7 Bxg3 22. Nxf8 Rxf8 23. Rxe6 Bf4 24. Re2 f5 25. Qg6 Bxh2+ 26. Rxh2 1-0

[Event "CZE-chT2D 1314"]
[Site "Czech Republic"]
[Date "2014.02.02"]
[Round "7.5"]
[White "Sykora, Josef"]
[Black "Nun, Josef"]
[Result "1/2-1/2"]
[WhiteElo "2096"]
[BlackElo "2218"]
[PlyCount "20"]
[EventDate "2013.11.03"]
[EventType "team-tourn"]
[EventRounds "11"]
[EventCountry "CZE"]
[SourceTitle "EXT 2016"]
[Source "ChessBase"]
[SourceDate "2015.10.08"]
[SourceVersion "1"]
[SourceVersionDate "2015.10.08"]
[SourceQuality "1"]
[WhiteTeam "Pardubice AKIS"]
[BlackTeam "Hradec Kralove II"]
[WhiteTeamCountry "CZE"]
[BlackTeamCountry "CZE"]

1. c4 e5 2. g3 c6 3. Bg2 Nf6 4. d4 Bb4+ 5. Bd2 Bxd2+ 6. Qxd2 e4 7. d5 0-0 8. Nc3 Re8 9. e3 Na6 10. Nge2 cxd5 1/2-1/2

[Event "CZE-chT2D 1314"]
[Site "Czech Republic"]
[Date "2013.12.15"]
[Round "4.6"]
[White "Lahner, Jakub"]
[Black "Nun, Josef"]
[Result "1/2-1/2"]
[WhiteElo "2296"]
[BlackElo "2218"]
[PlyCount "28"]
[EventDate "2013.11.03"]
[EventType "team-tourn"]
[EventRounds "11"]
[EventCountry "CZE"]
[SourceTitle "EXT 2016"]
[Source "ChessBase"]
[SourceDate "2015.10.08"]
[SourceVersion "1"]
[SourceVersionDate "2015.10.08"]
[SourceQuality "1"]
[WhiteTeam "Polabiny III"]
[BlackTeam "Hradec Kralove II"]
[WhiteTeamCountry "CZE"]
[BlackTeamCountry "CZE"]

1. d4 g6 2. Nf3 Bg7 3. c4 c5 4. d5 f5 5. g3 d6 6. Bg2 Na6 7. 0-0 Nc7 8. Qd3 a6 9. a4 b6 10. Nc3 Nf6 11. b3 0-0 12. Bb2 Bd7 13. Nd2 Rb8 14. Qc2 b5 1/2-1/2

[Event "CZE-chT1W 1314"]
[Site "Czech Republic"]
[Date "2013.12.08"]
[Round "4.7"]
[White "Kucera, Petr3"]
[Black "Nun, Josef"]
[Result "1/2-1/2"]
[WhiteElo "2224"]
[BlackElo "2218"]
[PlyCount "87"]
[EventDate "2013.10.20"]
[EventType "team-tourn"]
[EventRounds "11"]
[EventCountry "CZE"]
[SourceTitle "CBM 157 Extra"]
[Source "ChessBase"]
[SourceDate "2013.12.19"]
[SourceVersion "1"]
[SourceVersionDate "2013.12.19"]
[SourceQuality "1"]
[WhiteTeam "Novoborsky II"]
[BlackTeam "Hradec Kralove"]
[WhiteTeamCountry "CZE"]
[BlackTeamCountry "CZE"]

1. d4 g6 2. Nf3 Bg7 3. c4 c5 4. d5 f5 5. g3 Qb6 6. Qc2 e5 7. dxe6 dxe6 8. Bg2 Nc6 9. 0-0 Nf6 10. Nc3 0-0 11. Bf4 Nh5 12. Na4 Qa5 13. Bd6 Rd8 14. Bxc5 Bxb2 15. Nxb2 Qxc5 16. Nd3 Qe7 17. Nfe5 Bd7 18. Rab1 Be8 19. Nxc6 Bxc6 20. Bxc6 bxc6 21. Qa4 Rac8 22. Qa5 Nf6 23. Rb2 Ne4 24. Rfb1 Qc7 25. Qa3 Rb8 26. Rxb8 Rxb8 27. Rxb8+ Qxb8 28. Qb4 Qc7 29. f3 Nd6 30. Kg2 Nf7 31. Qc5 g5 32. f4 h6 33. a4 a5 34. h3 Kg7 35. Qd4+ Kg6 36. e4 Qd6 37. exf5+ exf5 38. Ne5+ Kh7 39. Qxd6 Nxd6 40. c5 Ne4 41. Nxc6 Nxc5 42. Nxa5 Nxa4 43. Nc6 Kg7 44. Ne7 1/2-1/2

[Event "CZE-chT2D 1213"]
[Site "Czech Republic"]
[Date "2013.01.20"]
[Round "7.4"]
[White "Nun, Josef"]
[Black "Trhal, Tomas"]
[Result "1/2-1/2"]
[WhiteElo "2236"]
[BlackElo "2119"]
[PlyCount "41"]
[EventDate "2012.10.14"]
[EventType "team-tourn"]
[EventRounds "11"]
[EventCountry "CZE"]
[SourceTitle "EXT 2016"]
[Source "ChessBase"]
[SourceDate "2015.10.08"]
[SourceVersion "1"]
[SourceVersionDate "2015.10.08"]
[SourceQuality "1"]
[WhiteTeam "Hradec Kralove II"]
[BlackTeam "Vysoke Myto"]
[WhiteTeamCountry "CZE"]
[BlackTeamCountry "CZE"]

1. d4 Nf6 2. Nf3 e6 3. Bg5 Be7 4. Nbd2 h6 5. Bxf6 Bxf6 6. e4 d6 7. e5 dxe5 8. dxe5 Be7 9. Bd3 Nd7 10. Ne4 Nc5 11. Nxc5 Bxc5 12. Qe2 Bd7 13. Rd1 Qe7 14. c3 Bc6 15. Be4 Bxe4 16. Qxe4 c6 17. 0-0 0-0 18. Rd3 Rad8 19. Rfd1 Rxd3 20. Qxd3 Bb6 21. Qe2 1/2-1/2

[Event "CZE-chT1W 1112"]
[Site "Czech Republic"]
[Date "2012.03.18"]
[Round "10.7"]
[White "Adamek, Zdenek"]
[Black "Nun, Josef"]
[Result "1/2-1/2"]
[WhiteElo "2252"]
[BlackElo "2269"]
[PlyCount "81"]
[EventDate "2011.10.02"]
[EventType "team-tourn"]
[EventRounds "11"]
[EventCountry "CZE"]
[SourceTitle "EXT 2013"]
[Source "ChessBase"]
[SourceDate "2012.11.22"]
[SourceVersion "1"]
[SourceVersionDate "2012.11.22"]
[SourceQuality "1"]
[WhiteTeam "Praha Holdia II"]
[BlackTeam "Hradec Kralove"]
[WhiteTeamCountry "CZE"]
[BlackTeamCountry "CZE"]

1. d4 g6 2. e4 c6 3. Nf3 d5 4. Nc3 Bg7 5. Be2 Bg4 6. Be3 e6 7. 0-0 Nf6 8. e5 Nfd7 9. Qd2 c5 10. Nb5 0-0 11. c3 Nc6 12. Ne1 Bxe2 13. Qxe2 Na5 14. Na3 cxd4 15. cxd4 Rc8 16. b3 a6 17. Nd3 Nc6 18. Nc2 Qe7 19. Rfe1 Rfe8 20. Rad1 Na7 21. a4 Nc6 22. Bc1 Na5 23. Ba3 Qd8 24. Rb1 Bf8 25. Bxf8 Rxf8 26. b4 Nc4 27. Nc5 Rb8 28. Ne3 Nxe3 29. Qxe3 Nb6 30. Rb3 Kg7 31. Qc1 h6 32. Rh3 Rh8 33. Rf3 Rf8 34. Qc2 Nd7 35. Rc3 Nxc5 36. Rxc5 Rc8 37. Rc1 Rxc5 38. Qxc5 Qd7 39. a5 Qa4 40. g3 Qa3 41. Qc3 1/2-1/2

[Event "CZE-chT2D 1112"]
[Site "Czech Republic"]
[Date "2011.11.06"]
[Round "2"]
[White "Nun, Josef"]
[Black "Cieslak, Leszek"]
[Result "1-0"]
[WhiteElo "2269"]
[BlackElo "1985"]
[PlyCount "67"]
[EventDate "2011.10.09"]
[EventType "team-tourn"]
[EventRounds "11"]
[EventCountry "CZE"]
[SourceTitle "EXT 2013"]
[Source "ChessBase"]
[SourceDate "2012.11.22"]
[SourceVersion "1"]
[SourceVersionDate "2012.11.22"]
[SourceQuality "1"]
[WhiteTeam "Hradec Kralove II"]
[BlackTeam "Trebic Caissa II"]
[WhiteTeamCountry "CZE"]
[BlackTeamCountry "CZE"]

1. d4 g6 2. e4 Bg7 3. Nc3 d6 4. Be3 a6 5. a4 b6 6. Qd2 Bb7 7. f3 e6 8. Nh3 h6 9. Nf2 Ne7 10. h4 Nd7 11. Be2 d5 12. exd5 Nxd5 13. Nxd5 Bxd5 14. c4 Bb7 15. a5 Nf6 16. Rh3 0-0 17. Rd1 h5 18. g4 Rc8 19. Bg5 c5 20. gxh5 cxd4 21. h6 Bh8 22. h7+ Kxh7 23. h5 Kg8 24. hxg6 fxg6 25. Qc2 Qe8 26. Bd3 e5 27. Bxg6 Qc6 28. Bf5 Rce8 29. Bh7+ Kf7 30. Bg6+ Ke7 31. Bxe8 Kxe8 32. Qg6+ Kd7 33. Rxh8 Rxh8 34. Qg7+ 1-0

[Event "CZE-chT1W 1011"]
[Site "Czech Republic"]
[Date "2011.03.20"]
[Round "10.8"]
[White "Nun, Josef"]
[Black "Simecek, Alexej"]
[Result "0-1"]
[WhiteElo "2296"]
[BlackElo "2123"]
[PlyCount "80"]
[EventDate "2010.10.10"]
[EventType "team-tourn"]
[EventRounds "11"]
[EventCountry "CZE"]
[SourceTitle "EXT 2012"]
[Source "ChessBase"]
[SourceDate "2011.11.24"]
[SourceVersion "1"]
[SourceVersionDate "2011.11.24"]
[SourceQuality "1"]
[WhiteTeam "Hradec Kralove"]
[BlackTeam "Praha Holdia II"]
[WhiteTeamCountry "CZE"]
[BlackTeamCountry "CZE"]

1. d4 Nf6 2. Nf3 e6 3. Bg5 d5 4. e3 Be7 5. Nbd2 Nbd7 6. Bd3 0-0 7. 0-0 c5 8. c3 b6 9. Qa4 Qc7 10. Rac1 Bb7 11. Bb1 Rfe8 12. Qc2 Nf8 13. Ne5 N6d7 14. Bxe7 Rxe7 15. Nxd7 Rxd7 16. f4 f6 17. Nf3 Re8 18. Qf2 Qd6 19. Qh4 Qe7 20. Rce1 f5 21. Qh3 Rc7 22. g4 g6 23. Rf2 b5 24. Rg2 Kh8 25. Ne5 Qf6 26. Kf2 Ree7 27. Reg1 Rg7 28. Rg3 Bc8 29. Qh6 Kg8 30. h4 cxd4 31. exd4 Bd7 32. gxf5 exf5 33. Rg5 Be8 34. Rxf5 Qb6 35. Rfg5 b4 36. f5 bxc3 37. fxg6 Qxd4+ 38. Kf3 hxg6 39. bxc3 Rxc3+ 40. Kg2 Qd2+ 0-1

[Event "CZE-chT1W 1011"]
[Site "Czech Republic"]
[Date "2011.01.16"]
[Round "6.8"]
[White "Nun, Josef"]
[Black "Duczynski, Martin"]
[Result "1/2-1/2"]
[WhiteElo "2296"]
[BlackElo "2127"]
[PlyCount "52"]
[EventDate "2010.10.10"]
[EventType "team-tourn"]
[EventRounds "11"]
[EventCountry "CZE"]
[SourceTitle "EXT 2012"]
[Source "ChessBase"]
[SourceDate "2011.11.24"]
[SourceVersion "1"]
[SourceVersionDate "2011.11.24"]
[SourceQuality "1"]
[WhiteTeam "Hradec Kralove"]
[BlackTeam "Jicin"]
[WhiteTeamCountry "CZE"]
[BlackTeamCountry "CZE"]

1. d4 d5 2. Nf3 Nf6 3. Bg5 g6 4. Bxf6 exf6 5. e3 Bg7 6. c4 dxc4 7. Bxc4 0-0 8. Nbd2 Nd7 9. Rc1 Qe7 10. h4 h5 11. Qc2 f5 12. Kf1 Nb6 13. Bb3 c6 14. Ng5 Bf6 15. Ndf3 Kg7 16. Qc5 Qe8 17. a4 Nd7 18. Qd6 Be7 19. Qg3 Bxg5 20. Nxg5 Nf6 21. Qc7 Qd7 22. Qxd7 Bxd7 23. f3 Rae8 24. Kf2 Be6 25. Rc3 Bxb3 26. Rxb3 Re7 1/2-1/2

[Event "CZE-chT2C 0910"]
[Site "Czech Republic"]
[Date "2010.03.28"]
[Round "10.5"]
[White "Brezmen, Pavel"]
[Black "Nun, Josef"]
[Result "1/2-1/2"]
[WhiteElo "2105"]
[BlackElo "2303"]
[PlyCount "41"]
[EventDate "2009.10.18"]
[EventType "team-tourn"]
[EventRounds "11"]
[EventCountry "CZE"]
[SourceTitle "EXT 2011"]
[Source "ChessBase"]
[SourceDate "2010.11.26"]
[SourceVersion "1"]
[SourceVersionDate "2010.11.26"]
[SourceQuality "1"]
[WhiteTeam "Kolin"]
[BlackTeam "Hradec Kralove II"]
[WhiteTeamCountry "CZE"]
[BlackTeamCountry "CZE"]

1. e4 c6 2. d4 g6 3. Bd3 Bg7 4. Ne2 d5 5. e5 c5 6. c3 Nc6 7. 0-0 Bg4 8. f3 Bd7 9. Be3 e6 10. Qd2 Qa5 11. dxc5 Bxe5 12. Bd4 Nxd4 13. cxd4 Qxd2 14. Nxd2 Bg7 15. f4 Ne7 16. Nf3 Nc6 17. Ne5 Nb4 18. Nxd7 Kxd7 19. Bb5+ Kc7 20. Rfd1 a5 21. Kf2 1/2-1/2

[Event "CZE-chT2C 0910"]
[Site "Czech Republic"]
[Date "2010.01.31"]
[Round "6.4"]
[White "Nun, Josef"]
[Black "Jedlicka, Lubos"]
[Result "1/2-1/2"]
[WhiteElo "2303"]
[BlackElo "2099"]
[PlyCount "68"]
[EventDate "2009.10.18"]
[EventType "team-tourn"]
[EventRounds "11"]
[EventCountry "CZE"]
[SourceTitle "EXT 2011"]
[Source "ChessBase"]
[SourceDate "2010.11.26"]
[SourceVersion "1"]
[SourceVersionDate "2010.11.26"]
[SourceQuality "1"]
[WhiteTeam "Hradec Kralove II"]
[BlackTeam "Lipa"]
[WhiteTeamCountry "CZE"]
[BlackTeamCountry "CZE"]

1. e4 c5 2. Nc3 Nc6 3. f4 g6 4. Nf3 Bg7 5. Bc4 e6 6. f5 Nge7 7. fxe6 fxe6 8. a3 d5 9. Ba2 a6 10. d3 b5 11. 0-0 0-0 12. Qe2 Nd4 13. Nxd4 Bxd4+ 14. Kh1 c4 15. Bh6 Bg7 16. Rxf8+ Bxf8 17. Bg5 Qd7 18. Rf1 Bb7 19. Qf3 Nc6 20. exd5 Nd4 21. Qf2 Bg7 22. Bf6 Nf5 23. dxe6 Qxe6 24. Bxg7 Kxg7 25. Re1 Qf7 26. Ne4 Re8 27. g4 Bxe4+ 28. dxe4 Nh6 29. Qxf7+ Nxf7 30. b3 Ne5 31. Rd1 Nxg4 32. Rd7+ Kf6 33. bxc4 Rxe4 34. cxb5 axb5 1/2-1/2

[Event "CZE-chT1W 0910"]
[Site "Czech Republic"]
[Date "2009.12.13"]
[Round "5.7"]
[White "Nun, Josef"]
[Black "Vitak, Pavel"]
[Result "1/2-1/2"]
[WhiteElo "2303"]
[BlackElo "2231"]
[PlyCount "33"]
[EventDate "2009.10.11"]
[EventType "team-tourn"]
[EventRounds "11"]
[EventCountry "CZE"]
[SourceTitle "EXT 2011"]
[Source "ChessBase"]
[SourceDate "2010.11.26"]
[SourceVersion "1"]
[SourceVersionDate "2010.11.26"]
[SourceQuality "1"]
[WhiteTeam "Hradec Kralove"]
[BlackTeam "Praha Pankrac"]
[WhiteTeamCountry "CZE"]
[BlackTeamCountry "CZE"]

1. d4 Nf6 2. Nf3 g6 3. Bg5 Bg7 4. Nbd2 d5 5. e3 0-0 6. Bd3 c5 7. c3 b6 8. Qa4 c4 9. Bb1 Bd7 10. Qd1 Nc6 11. e4 Be6 12. 0-0 b5 13. Re1 Qb6 14. exd5 Bxd5 15. Ne5 Rfe8 16. Nf1 Rad8 17. Nxc6 1/2-1/2

[Event "CZE-chT1W 0809"]
[Site "Czech Republic"]
[Date "2009.02.01"]
[Round "7.8"]
[White "Filipi, Stepan"]
[Black "Nun, Josef"]
[Result "0-1"]
[WhiteElo "2072"]
[BlackElo "2311"]
[PlyCount "112"]
[EventDate "2008.10.19"]
[EventType "tourn"]
[EventRounds "11"]
[EventCountry "CZE"]
[SourceTitle "EXT 2010"]
[Source "ChessBase"]
[SourceDate "2010.11.25"]
[SourceVersion "1"]
[SourceVersionDate "2010.11.25"]
[SourceQuality "1"]
[WhiteTeam "Vysehrad"]
[BlackTeam "Hradec Kralove"]
[WhiteTeamCountry "CZE"]
[BlackTeamCountry "CZE"]

1. e4 c6 2. d4 g6 3. Nc3 d5 4. Be3 Bg7 5. Qd2 dxe4 6. Nxe4 Nd7 7. Bc4 Ngf6 8. Ng5 0-0 9. 0-0-0 Nd5 10. h4 h5 11. Ne2 N7f6 12. Ng3 a5 13. N3e4 b5 14. Be2 b4 15. Nxf6+ exf6 16. Ne4 f5 17. Nc5 a4 18. c4 bxc3 19. bxc3 Rb8 20. Kc2 a3 21. Rb1 Rxb1 22. Kxb1 Qb6+ 23. Nb3 Re8 24. Bd3 Qb8 25. Bg5 Bf8 26. Re1 Rxe1+ 27. Qxe1 Be6 28. g3 Bd6 29. c4 Nb4 30. Be2 f4 31. Qd2 fxg3 32. fxg3 Bf5+ 33. Kc1 Qe8 34. Bf3 Nd3+ 35. Kd1 Nb2+ 36. Kc1 Nxc4 37. Qc3 Be6 38. Be2 Nb6 39. Bd3 Na4 40. Qe1 Qd7 41. Bf6 Nb6 42. Be4 Bxb3 43. axb3 Qe6 44. Bd8 Nd5 45. Ba5 Bxg3 46. Qxg3 Qxe4 47. Qf2 Nf4 48. Qa2 Qh1+ 49. Kc2 Qg2+ 50. Bd2 Qe4+ 51. Kd1 Qe2+ 52. Kc2 Qd3+ 53. Kd1 Nd5 54. Ke1 Nc3 55. Bxc3 Qxc3+ 56. Kf1 Qb2 0-1

[Event "CZE-chT2C 0809"]
[Site "Czech Republic"]
[Date "2008.12.21"]
[Round "5.6"]
[White "Dolezal, Martin1"]
[Black "Nun, Josef"]
[Result "0-1"]
[WhiteElo "2026"]
[BlackElo "2311"]
[PlyCount "94"]
[EventDate "2008.10.12"]
[EventType "tourn"]
[EventRounds "11"]
[EventCountry "CZE"]
[SourceTitle "EXT 2010"]
[Source "ChessBase"]
[SourceDate "2010.11.25"]
[SourceVersion "1"]
[SourceVersionDate "2010.11.25"]
[SourceQuality "1"]
[WhiteTeam "Vysehrad III"]
[BlackTeam "Hradec Kralove II"]
[WhiteTeamCountry "CZE"]
[BlackTeamCountry "CZE"]

1. e4 c6 2. d4 g6 3. Nc3 d5 4. Nf3 Bg4 5. Be2 Bg7 6. exd5 cxd5 7. 0-0 Nc6 8. Be3 e6 9. Na4 Nge7 10. c3 b6 11. Qd2 0-0 12. Bh6 Bxf3 13. Bxf3 Bxh6 14. Qxh6 Qd7 15. b3 Rac8 16. Qd2 Rfd8 17. Be2 Qd6 18. Nb2 e5 19. dxe5 Nxe5 20. Rfd1 Qa3 21. Nd3 Nxd3 22. Bxd3 Qc5 23. Rac1 d4 24. c4 Nc6 25. Re1 Nb4 26. Rcd1 Re8 27. Re2 Rxe2 28. Qxe2 a5 29. a4 Kf8 30. Re1 Rc7 31. Kf1 Re7 32. Qxe7+ Qxe7 33. Rxe7 Kxe7 34. Ke2 Na6 35. Kd2 Kd6 36. Be2 Nc5 37. Kc2 Ke5 38. Bf3 f5 39. Be2 g5 40. Bd1 h6 41. f3 h5 42. g3 f4 43. Be2 fxg3 44. hxg3 h4 45. f4+ Ke4 46. fxg5 hxg3 47. Bf1 Kf5 0-1

[Event "CZE-chT2C 0809"]
[Site "Czech Republic"]
[Date "2008.11.23"]
[Round "3.6"]
[White "Nun, Josef"]
[Black "Petuchov, Sergej"]
[Result "1/2-1/2"]
[WhiteElo "2311"]
[BlackElo "2176"]
[PlyCount "115"]
[EventDate "2008.10.12"]
[EventType "tourn"]
[EventRounds "11"]
[EventCountry "CZE"]
[SourceTitle "EXT 2010"]
[Source "ChessBase"]
[SourceDate "2010.11.25"]
[SourceVersion "1"]
[SourceVersionDate "2010.11.25"]
[SourceQuality "1"]
[WhiteTeam "Hradec Kralove II"]
[BlackTeam "Rapid"]
[WhiteTeamCountry "CZE"]
[BlackTeamCountry "CZE"]

1. e4 e5 2. Nf3 d6 3. d4 Nf6 4. dxe5 Nxe4 5. Qd5 Nc5 6. Bg5 Qd7 7. Nc3 c6 8. Qd2 Ne6 9. Bh4 d5 10. 0-0-0 Bb4 11. Nd4 Nxd4 12. Qxd4 Qg4 13. Nxd5 cxd5 14. Qxg4 Bxg4 15. Rd4 Be7 16. Bxe7 Kxe7 17. Rxg4 g6 18. Rb4 b6 19. Bb5 a6 20. Be2 b5 21. Rd4 Rc8 22. f4 Nc6 23. Rd2 Ra7 24. Rhd1 Rac7 25. Bg4 Rd8 26. Bf3 Rdc8 27. Bxd5 Nb4 28. Bb3 a5 29. a4 Rb8 30. Kb1 Na6 31. axb5 Rxb5 32. Rd5 Nc5 33. R1d4 Rcb7 34. Rc4 Nxb3 35. Rxb5 Rxb5 36. cxb3 Rxb3 37. Rc7+ Ke6 38. Rc6+ Kd7 39. Ra6 Rb5 40. Kc2 g5 41. g3 h5 42. h4 gxf4 43. gxf4 Rb4 44. Rf6 Ke7 45. Kc3 Re4 46. Kd3 Rb4 47. Ke3 Rxb2 48. Ke4 Rh2 49. Ra6 Rxh4 50. Kf5 Rg4 51. Rxa5 Kf8 52. Ra3 Kg7 53. Rf3 Rg6 54. Ke4 Rg1 55. f5 Re1+ 56. Kf4 Kh6 57. Rg3 Rf1+ 58. Ke4 1/2-1/2

[Event "CZE-chT2C 0809"]
[Site "Czech Republic"]
[Date "2008.11.09"]
[Round "2.7"]
[White "Nun, Josef"]
[Black "Buchar, Petr"]
[Result "1-0"]
[WhiteElo "2311"]
[BlackElo "2026"]
[PlyCount "97"]
[EventDate "2008.10.12"]
[EventType "tourn"]
[EventRounds "11"]
[EventCountry "CZE"]
[SourceTitle "EXT 2010"]
[Source "ChessBase"]
[SourceDate "2010.11.25"]
[SourceVersion "1"]
[SourceVersionDate "2010.11.25"]
[SourceQuality "1"]
[WhiteTeam "Hradec Kralove II"]
[BlackTeam "Vrchlabi"]
[WhiteTeamCountry "CZE"]
[BlackTeamCountry "CZE"]

1. d4 f5 2. Nf3 Nf6 3. h3 d6 4. Bf4 g6 5. e3 Bg7 6. Bc4 e6 7. g4 Qe7 8. gxf5 exf5 9. Nc3 c6 10. d5 c5 11. Ng5 Nh5 12. 0-0 Bxc3 13. bxc3 0-0 14. Qf3 h6 15. Ne6 Bxe6 16. dxe6 Nxf4 17. exf4 Kg7 18. Bd5 Nc6 19. Bxc6 bxc6 20. Rfe1 Rac8 21. Re2 Rf6 22. Rae1 d5 23. c4 Rd8 24. Re5 Rd6 25. cxd5 cxd5 26. Qc3 Rd8 27. Kg2 Kg8 28. Qb3 c4 29. Qb5 Rd6 30. Rxd5 Rfxe6 31. Rxe6 Rxe6 32. Qxc4 Qb7 33. Kh2 Kf7 34. Re5 Qb6 35. Kg3 Kf6 36. Rxe6+ Qxe6 37. Qd4+ Kf7 38. Qxa7+ Kg8 39. Qb8+ Kh7 40. Qb7+ Kh8 41. Qb2+ Kh7 42. Qb3 Qe1 43. Qb7+ Kh8 44. a4 Qc3+ 45. Kg2 Qxc2 46. a5 g5 47. a6 g4 48. hxg4 fxg4 49. a7 1-0

[Event "CZE-chT2c 0607"]
[Site "Czech Republic"]
[Date "2007.01.14"]
[Round "6.6"]
[White "Vrkota, Milos"]
[Black "Nun, Josef"]
[Result "1/2-1/2"]
[WhiteElo "2074"]
[BlackElo "2316"]
[PlyCount "97"]
[EventDate "2006.10.15"]
[EventType "team-tourn"]
[EventRounds "11"]
[EventCountry "CZE"]
[SourceTitle "EXT 2008"]
[Source "ChessBase"]
[SourceDate "2007.11.25"]
[SourceVersion "1"]
[SourceVersionDate "2007.11.25"]
[SourceQuality "1"]
[WhiteTeam "Kolin"]
[BlackTeam "Hradec Kralove II"]
[WhiteTeamCountry "CZE"]
[BlackTeamCountry "CZE"]

1. e4 c6 2. d4 g6 3. Nc3 d5 4. e5 h5 5. Bd3 Nh6 6. Nce2 Bg4 7. h3 Bxe2 8. Nxe2 e6 9. 0-0 c5 10. c3 Nc6 11. Be3 a6 12. dxc5 g5 13. Qd2 Rg8 14. f4 g4 15. hxg4 Nxg4 16. Rf3 Bh6 17. Rg3 Kd7 18. Rxg4 hxg4 19. g3 f6 20. c4 Kc7 21. cxd5 Qxd5 22. exf6 Rad8 23. Rd1 Rh8 24. Nc3 Qh5 25. Qg2 Bf8 26. Ne4 Nd4 27. Bxd4 Rxd4 28. Ng5 Qe8 29. f7 Qd7 30. Qe2 Rh6 31. b4 Qd5 32. Qe5+ Qxe5 33. fxe5 Rxb4 34. Rc1 Rb2 35. Nh7 Rxh7 36. Bxh7 Re2 37. c6 b5 38. a4 Rxe5 39. axb5 axb5 40. Bd3 b4 41. Bf1 Rf5 42. Be2 Rxf7 43. Bxg4 e5 44. Kg2 Bd6 45. Bf3 Kb6 46. Be4 Ra7 47. Kf3 Ra3+ 48. Kg4 Re3 49. Kf5 1/2-1/2

[Event "CZE-chT2c 0506"]
[Site "Czech Republic"]
[Date "2006.04.09"]
[Round "11.5"]
[White "Nun, Josef"]
[Black "Domlatil, Jiri"]
[Result "1-0"]
[WhiteElo "2318"]
[BlackElo "2105"]
[PlyCount "85"]
[EventDate "2005.10.16"]
[EventType "team-tourn"]
[EventRounds "11"]
[EventCountry "CZE"]
[SourceTitle "EXT 2009"]
[Source "ChessBase"]
[SourceDate "2008.11.26"]
[SourceVersion "1"]
[SourceVersionDate "2008.11.26"]
[SourceQuality "1"]
[WhiteTeam "Hradec Kralove II"]
[BlackTeam "Vysehrad III"]
[WhiteTeamCountry "CZE"]
[BlackTeamCountry "CZE"]

1. d4 Nf6 2. Nf3 d5 3. Bg5 c5 4. Bxf6 gxf6 5. e3 Nc6 6. c3 Bf5 7. dxc5 e5 8. b4 a5 9. Bb5 Rg8 10. Nbd2 Qc7 11. Nh4 Bd7 12. a3 b6 13. cxb6 Qxb6 14. Be2 f5 15. b5 Nd8 16. a4 f4 17. exf4 Bc5 18. Rf1 Be7 19. Nhf3 e4 20. Ne5 Be6 21. Nb3 Rxg2 22. Qd4 Qxd4 23. Nxd4 Bc5 24. Rd1 Rc8 25. f5 Bxd4 26. Rxd4 Bxf5 27. Rxd5 Rxc3 28. Kd2 Ra3 29. Nc4 Ra2+ 30. Ke3 Be6 31. Rd4 Ke7 32. Nxa5 Rxh2 33. Rxe4 Rh3+ 34. f3 Rh2 35. Bd3 h5 36. Rb1 Rhb2 37. Rxb2 Rxb2 38. Rh4 Ra2 39. b6 Kd6 40. Rd4+ Kc5 41. b7 Nxb7 42. Nxb7+ Kb6 43. Nd8 1-0